Name all Charlie Puth songs from Voicenotes - Statistics

General Stats
  • This quiz has been taken 18 times
  • The average score is 8 of 13
Answer Stats
Answer % Correct
Attention
100%
How Long
75%
BOY
69%
Done For Me
69%
LA Girls
69%
Change
56%
Empty Cups
56%
The Way I Am
56%
Patient
50%
Slow It Down
44%
Through It All
44%
If You Leave Me Now
38%
Somebody Told Me
38%
No matching quizzes found
Score Distribution
Percent of People with Each Score
Percentile by Number Answered
Your Score History
You have not taken this quiz